Datum a čas kvízu
21.5
Celkem bodů
Celkový počet nahraných bodů na tomto kvízu bez doplňovacích otázek.
9.
Pořadí na kvízu
Konečné umístění týmu na tomto kvízu.
Zaznamenané odpovědi
| # | Otázka | Odpověď | Body | Výsledky |
|---|---|---|---|---|
| 1. | V noci na pátek se v pražské z... | gorila | 1 | |
| 2. | Na českém internetu se objevil... | vrtulník | 0 | |
| 3. | V Brně začala jezdit nová orig... | Party Šalina | 0 | |
| 4. | Patříte-li mezi zákazníky inte... | fialová | 0 | |
| 5. | V prvním přípravném zápase pře... | Německo, David Tomášek | 0.5 | |
| 6. | V pěti otázkách tohoto tématu... | na 2. stupni | 0 | |
| 7. | Jaká je denní dávka kuchyňské... | B | 0 | |
| 8. | Po kterém vzácném minerálu se... | po diamantu | 0 | |
| 9. | Jak zní obchodní název takzvan... | Praganda | 0 | |
| 10. | Jeden z nejznámějších a nejsta... | D) Wieliczka | 1 |